Porque é que os miúdos se portam assim? (Registo nº 12808)
[ vista simples ]
| 000 -Etiqueta do registo | |
|---|---|
| Valores | 00684nam a22002171i 4500 |
| 010 ## - Número ISBN | |
| ISBN | 9789726094517 |
| 090 ## - | |
| -- | 12808 |
| 100 ## - Dados gerais de processamento | |
| Dados gerais | 20170304u u u0frey50 ba |
| 101 0# - Língua de publicação | |
| -- | por |
| 200 1# - Titulo e menção de responsabilidade | |
| Primeira menção de responsabilidade | Richard C. Woolfson |
| Título próprio | Porque é que os miúdos se portam assim? |
| Informação de outro título | guia prático para uma educação positiva |
| 210 ## - Publicação | |
| Nome do editor | Selecções do Reader's Digest |
| Local de publicação | Lisboa |
| Data de publicação | 2005 |
| 215 ## - Descrição física | |
| Paginação / Volumes | 192 p. |
| Outras indicações físicas | fot. |
| Dimensões | 26 cm |
| 300 ## - Notas gerais | |
| Texto da nota | Oferta do Doutor Hugo Corte Real |
| 606 #1 - Nome comum usado como assunto | |
| Palavra de ordem | Crianças - comportamento |
| 606 #1 - Nome comum usado como assunto | |
| Palavra de ordem | Relações país-filhos |
| 675 ## - CDU | |
| Notação | 159.9 |
| -- | 104 |
| 700 #1 - Autor principal (pessoa individual) | |
| Apelido | Woolfson |
| Nome | Richard C. |
| -- | 070 |
| 701 #1 - Co-autor principal (pessoa individual) | |
| Apelido | Pernas |
| Nome | Maria do Rosário |
| -- | 730 |
| 801 ## - Fonte de origem | |
| País | PT |
| Regras de catalogação | RPC |
| 990 ## - Elementos KOHA | |
| Tipo de documento | Livro |
| 995 ## - Localização e informação dos exemplares | |
| -- | 25 |
| Situação do levantamento | Estado | Biblioteca de origem | Biblioteca de empréstimo | Localização na Estante | Código de barras | Cota | Permissão de empréstimo | Tipo de documento |
|---|---|---|---|---|---|---|---|---|
| Completo | Biblioteca Municipal de Viana Do Alentejo | Biblioteca Municipal de Viana Do Alentejo | 0018733 | 159.9 WOO | Disponível | Livro |